Integrated crop management (Record no. 20846)

000 -LEADER
fixed length control field 00483cas a2200145 a 4500
022 ## - INTERNATIONAL STANDARD SERIAL NUMBER
ISSN 1020-4555
040 ## - CATALOGING SOURCE
Transcribing agency JNA
082 ## - DEWEY DECIMAL CLASSIFICATION NUMBER
Classification number 338 FAO 2013 C101 Or.
245 10 - TITLE STATEMENT
Title Integrated crop management
Remainder of title Mechanization for rural development : a review of patterns and progress from around the world
300 ## - PHYSICAL DESCRIPTION
Number of Pages volumes :
Other physical details illustrations ;
Dimensions 30 cm
650 #0 - SUBJECT ADDED ENTRY--TOPICAL TERM
Topical Term Cropping systems
650 #0 - SUBJECT ADDED ENTRY--TOPICAL TERM
Topical Term Agriculture
710 2# - ADDED ENTRY--CORPORATE NAME
Corporate name or jurisdiction name as entry element Food and Agriculture Organization of the United Nations.
942 ## - ADDED ENTRY ELEMENTS (KOHA)
Koha item type ADB
952 ## - LOCATION AND ITEM INFORMATION (KOHA)
Withdrawn status [LOCAL, KOHA] 0
Holdings
Permanent Location Date acquired Koha item type Lost status Shelving location Barcode Current Location Full call number
Library Block A2022-12-27ADB A042a069738Library Block A338 FAO 2013 C101Or.
មជ្ឈមណ្ឌលឯការនៃសាកលវិទ្យាល័យភូមិន្ទកសិកម្មចំការដូង

Powered by Koha